Normal view
MARC view
- Curtain walls
Entry Topical Term
001 - CONTROL NUMBER
- control field: 45782
003 - CONTROL NUMBER IDENTIFIER
- control field: NUST
005 - DATE AND TIME OF LATEST TRANSACTION
- control field: 20210314133339.0
008 - FIXED-LENGTH DATA ELEMENTS
- fixed length control field: 210314|| aca||aabn | a|a d
040 ## - CATALOGING SOURCE
- Original cataloging agency: NUST
- Transcribing agency: NUST
150 ## - HEADING--TOPICAL TERM
- Topical term or geographic name entry element: Curtain walls
670 ## - SOURCE DATA FOUND
- Source citation: Work cat.: (NUST): Gatz, Konrad. 45781, Curtain wall construction., [1967, c1965]
